Drogas, cárcel y género en Ecuador: la experiencia en las mujeres mulas /
Desde la década de los años ochenta los delitos de estupefacientes constituyen la principal causa de criminalización de las mujeres en el Ecuador. En este sentido, el libro ahonda, desde una perspectiva de género, los elementos que hacen que los delitos de drogas sean los que más comúnmente comenten...
שמור ב:
| מחבר ראשי: | |
|---|---|
| פורמט: | Texto |
| שפה: | Spanish |
| יצא לאור: |
Quito:
Abya Yala
2008
|
| נושאים: | |
| תגים: |
הוספת תג
אין תגיות, היה/י הראשונ/ה לתייג את הרשומה!
|
MARC
| LEADER | 00000 a a2200000 04500 | ||
|---|---|---|---|
| 001 | 38719 | ||
| 003 | cru CIDCACS/IIS | ||
| 005 | 20230522091531.0 | ||
| 008 | 230522e2008 ec ||||| |||| 00| 0 spa d | ||
| 020 | |a 978-9978-22-766-4 | ||
| 022 | |a 978-9978-22-766-4 | ||
| 040 | |c CRAI/IIS | ||
| 090 | |a 02.04.02 T693d | ||
| 100 | |a Torres Angarita, Andreina | ||
| 245 | |a Drogas, cárcel y género en Ecuador: |b la experiencia en las mujeres mulas / |c Andreina Torres Angarita | ||
| 260 | |a Quito: |b Abya Yala |c 2008 | ||
| 300 | |a 198 páginas | ||
| 520 | |a Desde la década de los años ochenta los delitos de estupefacientes constituyen la principal causa de criminalización de las mujeres en el Ecuador. En este sentido, el libro ahonda, desde una perspectiva de género, los elementos que hacen que los delitos de drogas sean los que más comúnmente comenten las mujeres y por los que más están siendo encarceladas | ||
| 650 | |a MUJERES/ | ||
| 650 | |a TRAFICO DE DROGAS/ | ||
| 650 | |a LUCHA CONTRA LAS DROGAS/ | ||
| 650 | |a ANALISIS DE GENERO/ | ||
| 650 | |a PRISIONES/ | ||
| 942 | |2 ddc |c LI |h 02.04.02 T693d |i 05989 |6 020402_T693D_05989 | ||
| 999 | |c 14843 |d 14843 | ||



